000 00616nam a2200229Ia 4500
003 OSt
005 20220926040602.0
006 a|||||r|||| 00| 0
007 ta
008 220923b |||||||| |||| 00| 0 eng d
037 _cGeneral Book
040 _aRTL
_cRTL
_beng
041 _2eng
_aeng
082 _aX61;7, G6; 1
100 _aWicksell Knut
245 0 _aInterest and prices
_b A study of the causes regulat
260 _c1936
490 _aReprints of Economic Classics
650 _aMonetary Policy
942 _hX61;7, G6; 1
_cGB
_2CC
999 _c665138
_d665138